[Event "2019"]
[Site "?"]
[Date "2019.06.01"]
[Round "6.13"]
[White "Kolb, Tobias"]
[Black "Spitzl, Bertram"]
[Result "1-0"]
[BlackElo "2176"]
[WhiteElo "1915"]
[LiveChessVersion "1.4.8"]

1. e4 {[%clk 1:30:58]} c6 {[%clk 1:30:58]} 2. d4 {[%clk 1:31:20]} d5
{[%clk 1:31:27]} 3. exd5 {[%clk 1:31:44]} cxd5 {[%clk 1:31:54]} 4. Bd3
{[%clk 1:32:07]} Nc6 {[%clk 1:32:16]} 5. c3 {[%clk 1:32:32]} Qc7 {[%clk 1:32:33]}
6. Ne2 {[%clk 1:32:58]} Bg4 {[%clk 1:32:48]} 7. O-O {[%clk 1:33:24]} e6
{[%clk 1:29:01]} 8. Qe1 {[%clk 1:33:50]} Bxe2 {[%clk 1:27:14]} 9. Qxe2
{[%clk 1:34:08]} g6 {[%clk 1:13:05]} 10. Nd2 {[%clk 1:31:20]} Bg7
{[%clk 1:08:28]} 11. f4 {[%clk 1:31:11]} Nge7 {[%clk 1:07:44]} 12. Nf3
{[%clk 1:30:18]} h5 {[%clk 1:02:37]} 13. Ne5 {[%clk 1:29:02]} a6 {[%clk 1:00:01]}
14. Bd2 {[%clk 1:25:58]} Nf5 {[%clk 0:52:18]} 15. Rae1 {[%clk 1:12:10]} Qd6
{[%clk 0:44:32]} 16. g4 {[%clk 1:10:16]} hxg4 {[%clk 0:42:09]} 17. Qxg4
{[%clk 1:08:16]} Nce7 {[%clk 0:38:33]} 18. Re2 {[%clk 1:05:04]} Bxe5
{[%clk 0:29:28]} 19. fxe5 {[%clk 1:01:57]} Qb6 {[%clk 0:29:39]} 20. Bg5
{[%clk 1:01:57]} Qc7 {[%clk 0:25:21]} 21. Rc2 {[%clk 0:52:51]} Rd8
{[%clk 0:24:54]} 22. h4 {[%clk 0:50:33]} Rd7 {[%clk 0:22:39]} 23. Rh2
{[%clk 0:49:40]} Rh5 {[%clk 0:20:45]} 24. Be2 {[%clk 0:38:24]} Ng7
{[%clk 0:20:11]} 25. Qf4 {[%clk 0:36:38]} Nef5 {[%clk 0:20:32]} 26. Bxh5
{[%clk 0:36:41]} Nxh5 {[%clk 0:20:50]} 27. Qg4 {[%clk 0:33:26]} Qc4
{[%clk 0:18:14]} 28. b3 {[%clk 0:32:30]} Qb5 {[%clk 0:11:41]} 29. Rc1
{[%clk 0:21:51]} Rc7 {[%clk 0:11:56]} 30. Rhc2 {[%clk 0:19:15]} Qd3
{[%clk 0:11:27]} 31. Rd2 {[%clk 0:18:37]} Qb5 {[%clk 0:11:45]} 32. Qe2
{[%clk 0:16:47]} Qb6 {[%clk 0:09:23]} 33. Qd3 {[%clk 0:15:29]} Qc6
{[%clk 0:06:21]} 34. c4 {[%clk 0:14:03]} Nhg3 {[%clk 0:06:01]} 35. Rg2
{[%clk 0:14:15]} Nh5 {[%clk 0:02:15]} 36. cxd5 1-0

[Event "2019"]
[Site "?"]
[Date "2019.06.01"]
[Round "6.19"]
[White "Birkner, Frank"]
[Black "Stauch, Edgar"]
[Result "1/2-1/2"]
[BlackElo "2207"]
[WhiteElo "1784"]
[LiveChessVersion "1.4.8"]

1. d4 {[%clk 1:30:57]} d5 {[%clk 1:29:05]} 2. Nf3 {[%clk 1:31:18]} Nf6
{[%clk 1:29:16]} 3. Bf4 {[%clk 1:31:23]} e6 {[%clk 1:29:37]} 4. e3
{[%clk 1:31:44]} Bd6 {[%clk 1:29:43]} 5. c3 {[%clk 1:30:15]} O-O {[%clk 1:24:51]}
6. Bd3 {[%clk 1:29:12]} b6 {[%clk 1:24:22]} 7. Qe2 {[%clk 1:28:07]} c5
{[%clk 1:23:37]} 8. Ne5 {[%clk 1:27:16]} Bb7 {[%clk 1:22:55]} 9. Nd2
{[%clk 1:27:01]} Qc7 {[%clk 1:11:42]} 10. O-O {[%clk 1:10:43]} Nbd7
{[%clk 1:09:41]} 11. Nxd7 {[%clk 1:10:17]} Qxd7 {[%clk 1:08:09]} 12. Bxd6
{[%clk 1:04:03]} Qxd6 {[%clk 1:08:37]} 13. f4 {[%clk 1:03:06]} Nd7
{[%clk 0:57:49]} 14. g4 {[%clk 1:00:45]} f5 {[%clk 0:57:58]} 15. gxf5
{[%clk 0:58:37]} exf5 {[%clk 0:58:24]} 16. Nf3 {[%clk 0:58:21]} c4
{[%clk 0:50:02]} 17. Bc2 {[%clk 0:58:19]} Bc8 {[%clk 0:41:50]} 18. Ne5
{[%clk 0:55:33]} Nf6 {[%clk 0:40:36]} 19. Kh1 {[%clk 0:54:52]} b5
{[%clk 0:34:21]} 20. a3 {[%clk 0:52:00]} a5 {[%clk 0:33:35]} 21. Rg1
{[%clk 0:51:48]} Ra7 {[%clk 0:28:55]} 22. Rg5 {[%clk 0:51:12]} Ng4
{[%clk 0:25:16]} 23. h3 {[%clk 0:47:56]} Qh6 {[%clk 0:23:18]} 24. Kg2
{[%clk 0:43:03]} Nxe5 {[%clk 0:23:09]} 25. dxe5 {[%clk 0:43:10]} Re7
{[%clk 0:20:28]} 26. Rg3 {[%clk 0:42:01]} Re6 {[%clk 0:16:36]} 27. Kh2
{[%clk 0:40:24]} Rg6 {[%clk 0:16:58]} 28. Rxg6 {[%clk 0:38:44]} Qxg6
{[%clk 0:17:27]} 29. Rg1 {[%clk 0:35:13]} Qb6 {[%clk 0:17:26]} 30. Qd2
{[%clk 0:31:56]} Be6 {[%clk 0:17:19]} 31. Bd1 {[%clk 0:31:07]} Rd8
{[%clk 0:15:45]} 32. Bf3 {[%clk 0:31:06]} Rd7 {[%clk 0:12:26]} 33. Rd1
{[%clk 0:28:57]} Qb7 {[%clk 0:11:49]} 34. Qe1 {[%clk 0:27:56]} Qb6
{[%clk 0:11:22]} 35. Rd4 {[%clk 0:27:28]} Qc5 {[%clk 0:11:13]} 36. Qd2
{[%clk 0:27:42]} Qc6 {[%clk 0:10:35]} 37. Kg3 {[%clk 0:27:01]} Kf8
{[%clk 0:09:02]} 38. Kf2 {[%clk 0:20:38]} Ke7 {[%clk 0:07:55]} 39. Qe1
{[%clk 0:20:55]} Kd8 {[%clk 0:07:08]} 40. Qg1 {[%clk 0:20:48]} Kc7
{[%clk 0:06:46]} 41. Rd1 {[%clk 0:20:44]} Qc5 {[%clk 0:05:46]} 42. Rd2
{[%clk 0:16:33]} b4 {[%clk 0:05:06]} 43. axb4 {[%clk 0:13:53]} axb4
{[%clk 0:05:20]} 44. Qa1 {[%clk 0:11:36]} b3 {[%clk 0:01:42]} 45. Rd1
{[%clk 0:08:08]} g5 {[%clk 0:01:19]} 46. fxg5 {[%clk 0:04:41]} f4
{[%clk 0:01:46]} 47. Rd4 {[%clk 0:04:07]} fxe3+ {[%clk 0:02:10]} 48. Kxe3
{[%clk 0:04:34]} Kb7 {[%clk 0:01:47]} 49. Qh1 {[%clk 0:10:51]} Kc6
{[%clk 0:15:32]} 50. Qg2 {[%clk 0:10:42]} Re7 {[%clk 0:08:06]} 51. h4
{[%clk 0:09:17]} Bf7 {[%clk 0:05:09]} 52. Kf4 {[%clk 0:09:10]} Rxe5
{[%clk 0:04:41]} 53. Kg3 {[%clk 0:05:13]} Rf5 {[%clk 0:03:25]} 54. Qf1
{[%clk 0:04:17]} Bh5 {[%clk 0:03:26]} 55. Rxc4 {[%clk 0:03:57]} Rxf3+
{[%clk 0:03:38]} 56. Qxf3 {[%clk 0:04:26]} Qxc4 {[%clk 0:03:08]} 57. Qxh5
{[%clk 0:04:54]} Qd3+ {[%clk 0:03:23]} 58. Qf3 {[%clk 0:05:16]} 1/2-1/2

[Event "2019"]
[Site "?"]
[Date "2019.06.01"]
[Round "6.21"]
[White "Korolev, Alexandr"]
[Black "Spitzl, Philipp"]
[Result "0-1"]
[BlackElo "2013"]
[WhiteElo "2143"]
[LiveChessVersion "1.4.8"]

1. e4 {[%clk 1:30:57]} e6 {[%clk 1:30:50]} 2. d4 {[%clk 1:31:20]} d5
{[%clk 1:31:08]} 3. Nd2 {[%clk 1:31:45]} Be7 {[%clk 1:31:29]} 4. Bd3
{[%clk 1:31:02]} c5 {[%clk 1:31:20]} 5. dxc5 {[%clk 1:30:42]} Nf6
{[%clk 1:30:03]} 6. Qe2 {[%clk 1:25:49]} a5 {[%clk 1:28:59]} 7. Ngf3
{[%clk 1:21:31]} O-O {[%clk 1:23:41]} 8. O-O {[%clk 1:20:02]} Na6
{[%clk 1:23:36]} 9. e5 {[%clk 1:12:09]} Nd7 {[%clk 1:13:36]} 10. Nd4
{[%clk 1:03:18]} Ndxc5 {[%clk 1:08:04]} 11. Bb5 {[%clk 1:03:27]} Nc7
{[%clk 1:05:23]} 12. a4 {[%clk 0:58:33]} Nxb5 {[%clk 1:04:01]} 13. axb5
{[%clk 0:58:24]} Bd7 {[%clk 1:00:57]} 14. Ra3 {[%clk 0:58:30]} f6
{[%clk 0:49:37]} 15. f4 {[%clk 0:58:42]} fxe5 {[%clk 0:46:10]} 16. fxe5
{[%clk 0:59:07]} Rxf1+ {[%clk 0:45:17]} 17. Qxf1 {[%clk 0:58:35]} Qb6
{[%clk 0:43:04]} 18. Rf3 {[%clk 0:47:33]} Rf8 {[%clk 0:34:55]} 19. Kh1
{[%clk 0:44:44]} Qc7 {[%clk 0:29:34]} 20. Rxf8+ {[%clk 0:43:50]} Bxf8
{[%clk 0:30:02]} 21. Qe2 {[%clk 0:41:25]} Qd8 {[%clk 0:26:04]} 22. N2f3
{[%clk 0:39:20]} Ne4 {[%clk 0:25:01]} 23. Be3 {[%clk 0:35:54]} Be7
{[%clk 0:23:16]} 24. c4 {[%clk 0:34:15]} Qc8 {[%clk 0:20:38]} 25. cxd5
{[%clk 0:31:48]} exd5 {[%clk 0:21:04]} 26. Qd3 {[%clk 0:29:45]} Qc4
{[%clk 0:12:33]} 27. Qxc4 {[%clk 0:25:34]} dxc4 {[%clk 0:13:01]} 28. e6
{[%clk 0:23:34]} Be8 {[%clk 0:11:27]} 29. Ne5 {[%clk 0:21:19]} c3
{[%clk 0:10:17]} 30. bxc3 {[%clk 0:21:43]} Nxc3 {[%clk 0:10:46]} 31. Nf5
{[%clk 0:20:18]} Bb4 {[%clk 0:09:49]} 32. b6 {[%clk 0:18:51]} Ne4
{[%clk 0:06:07]} 33. Nd3 {[%clk 0:17:53]} Ba3 {[%clk 0:04:03]} 34. Bd4
{[%clk 0:13:45]} g6 {[%clk 0:03:03]} 35. Ne3 {[%clk 0:12:57]} Bb5
{[%clk 0:02:23]} 36. Ne5 {[%clk 0:12:07]} Bc5 {[%clk 0:01:44]} 37. Bxc5
{[%clk 0:11:44]} Nxc5 {[%clk 0:02:13]} 38. e7 {[%clk 0:11:38]} a4
{[%clk 0:02:20]} 39. Nd5 {[%clk 0:10:57]} a3 {[%clk 0:02:24]} 40. Nc3
{[%clk 0:10:58]} Be8 {[%clk 0:02:12]} 41. Nc4 {[%clk 0:10:56]} Na4
{[%clk 0:13:11]} 42. Na2 {[%clk 0:25:12]} Kf7 {[%clk 0:13:07]} 43. Nxa3
{[%clk 0:21:17]} Nxb6 {[%clk 0:13:20]} 44. Kg1 {[%clk 0:20:11]} Kxe7
{[%clk 0:13:39]} 45. Kf2 {[%clk 0:20:39]} Kd6 {[%clk 0:13:51]} 46. Ke3
{[%clk 0:20:41]} Kc5 {[%clk 0:13:58]} 47. Kf4 {[%clk 0:18:35]} h6
{[%clk 0:12:39]} 48. Nc2 {[%clk 0:17:45]} Nc4 {[%clk 0:12:24]} 49. h4
{[%clk 0:16:58]} Ba4 {[%clk 0:10:36]} 50. Ne1 {[%clk 0:15:57]} Bb3
{[%clk 0:09:10]} 51. Nc1 {[%clk 0:16:15]} Bd1 {[%clk 0:07:44]} 52. Ke4
{[%clk 0:15:03]} Nd6+ {[%clk 0:06:43]} 53. Ke5 {[%clk 0:15:03]} Nf5
{[%clk 0:06:40]} 54. Ned3+ {[%clk 0:13:55]} Kc6 {[%clk 0:06:16]} 55. Kf6
{[%clk 0:09:33]} Nxh4 {[%clk 0:05:57]} 56. g3 {[%clk 0:09:59]} Nf5
{[%clk 0:04:59]} 57. Kxg6 {[%clk 0:10:22]} Nxg3 {[%clk 0:05:13]} 58. Kxh6
{[%clk 0:10:46]} b5 {[%clk 0:04:35]} 59. Kg5 {[%clk 0:08:00]} Ne2
{[%clk 0:03:54]} 60. Na2 {[%clk 0:07:05]} Kd5 {[%clk 0:03:43]} 61. Nf4+
{[%clk 0:03:33]} Kc4 {[%clk 0:03:11]} 62. Ng2 {[%clk 0:01:08]} Bb3
{[%clk 0:02:50]} 63. Ne3+ {[%clk 0:01:06]} Kd3 {[%clk 0:03:06]} 64. Nb4+
{[%clk 0:00:31]} Kxe3 {[%clk 0:03:32]} 65. Na6 {[%clk 0:00:53]} Bc4
{[%clk 0:02:56]} 66. Kf5 {[%clk 0:00:53]} Kd4 {[%clk 0:03:15]} 67. Kf6
{[%clk 0:01:18]} Nc3 {[%clk 0:03:07]} 68. Ke7 {[%clk 0:01:43]} Ne4
{[%clk 0:02:43]} 69. Nb4 {[%clk 0:01:58]} Kc5 {[%clk 0:02:30]} 70. Na6+
{[%clk 0:02:23]} Kb6 {[%clk 0:02:51]} 71. Nb4 {[%clk 0:02:50]} Ka5
{[%clk 0:03:13]} 72. Nc6+ {[%clk 0:03:11]} Ka4 {[%clk 0:03:37]} 73. Kd7
{[%clk 0:02:09]} Bd5 {[%clk 0:03:25]} 74. Nd4 {[%clk 0:02:04]} b4
{[%clk 0:03:44]} 75. Kc7 {[%clk 0:02:23]} Bc4 {[%clk 0:03:12]} 76. Kc6
{[%clk 0:02:48]} Bd3 {[%clk 0:02:06]} 77. Kd5 {[%clk 0:02:58]} Nc3+
{[%clk 0:02:09]} 78. Ke5 {[%clk 0:02:50]} Nb5 {[%clk 0:02:19]} 79. Ne6
{[%clk 0:03:07]} Ka3 {[%clk 0:02:13]} 80. Nc5 {[%clk 0:03:31]} Bf1
{[%clk 0:02:16]} 81. Ke4 {[%clk 0:03:18]} Nc3+ {[%clk 0:02:29]} 82. Ke3
{[%clk 0:03:38]} Na4 {[%clk 0:02:52]} 83. Ne4 {[%clk 0:02:54]} b3
{[%clk 0:03:02]} 84. Nd2 {[%clk 0:02:14]} b2 {[%clk 0:03:17]} 85. Kf2
{[%clk 0:02:27]} Bb5 {[%clk 0:03:20]} 86. Ke1 {[%clk 0:02:48]} Nc3 87. Kf2
{[%clk 0:03:04]} Ne4+ {[%clk 0:03:41]} 88. Nc4+ 0-1

[Event "2019"]
[Site "?"]
[Date "2019.06.01"]
[Round "6.26"]
[White "Haasner, Tom"]
[Black "Schenk, Alexander"]
[Result "1-0"]
[BlackElo "2096"]
[WhiteElo "1963"]
[LiveChessVersion "1.4.8"]

1. d4 {[%clk 1:30:56]} d5 {[%clk 1:30:55]} 2. Bf4 {[%clk 1:31:20]} c5
{[%clk 1:31:10]} 3. e3 {[%clk 1:30:23]} e6 {[%clk 1:30:52]} 4. c3
{[%clk 1:28:51]} Nc6 {[%clk 1:30:48]} 5. Nf3 {[%clk 1:28:27]} Nf6
{[%clk 1:30:39]} 6. Nbd2 {[%clk 1:28:43]} Bd6 {[%clk 1:30:41]} 7. Bg3
{[%clk 1:28:47]} O-O {[%clk 1:31:01]} 8. Bd3 {[%clk 1:28:48]} Qe7
{[%clk 1:31:17]} 9. Ne5 {[%clk 1:29:00]} Bxe5 {[%clk 1:31:27]} 10. dxe5
{[%clk 1:28:54]} Nd7 {[%clk 1:31:50]} 11. f4 {[%clk 1:23:09]} f6 {[%clk 1:31:59]}
12. Nf3 {[%clk 1:07:29]} fxe5 {[%clk 1:22:05]} 13. fxe5 {[%clk 1:01:16]} Qe8
{[%clk 1:12:23]} 14. Qc2 {[%clk 0:49:08]} g6 {[%clk 1:05:26]} 15. b3
{[%clk 0:44:25]} a6 {[%clk 1:01:57]} 16. Bf4 {[%clk 0:40:26]} Qe7
{[%clk 1:01:01]} 17. O-O {[%clk 0:32:17]} Qg7 {[%clk 1:00:07]} 18. Kh1
{[%clk 0:32:05]} b5 {[%clk 0:48:04]} 19. c4 {[%clk 0:28:33]} Nb4 {[%clk 0:43:23]}
20. Qc3 {[%clk 0:27:50]} bxc4 {[%clk 0:40:41]} 21. bxc4 {[%clk 0:28:01]} d4
{[%clk 0:40:49]} 22. Nxd4 {[%clk 0:21:58]} Nxe5 {[%clk 0:32:51]} 23. Be4
{[%clk 0:21:18]} Ra7 {[%clk 0:15:36]} 24. Nf3 {[%clk 0:20:03]} Nxf3
{[%clk 0:15:03]} 25. Qxg7+ {[%clk 0:20:17]} Kxg7 {[%clk 0:15:07]} 26. Rxf3
{[%clk 0:19:23]} Rd7 {[%clk 0:10:42]} 27. Bh6+ {[%clk 0:17:41]} Kxh6
{[%clk 0:11:06]} 28. Rxf8 {[%clk 0:17:53]} Bb7 {[%clk 0:11:07]} 29. Bxb7
{[%clk 0:17:34]} Rxb7 {[%clk 0:11:33]} 30. Rc8 {[%clk 0:13:11]} Nc2
{[%clk 0:11:15]} 31. Rc1 {[%clk 0:13:24]} Nxe3 {[%clk 0:11:36]} 32. Rxc5
{[%clk 0:12:31]} Rb2 {[%clk 0:11:59]} 33. h3 {[%clk 0:09:18]} Nxg2
{[%clk 0:12:18]} 34. Re5 {[%clk 0:07:37]} Nh4 {[%clk 0:12:08]} 35. Re3
{[%clk 0:07:36]} Nf5 {[%clk 0:12:25]} 36. Rb3 {[%clk 0:07:04]} Rxa2
{[%clk 0:12:39]} 37. c5 {[%clk 0:07:04]} Nd4 {[%clk 0:13:02]} 38. Re3
{[%clk 0:05:44]} Nf5 {[%clk 0:11:51]} 39. Rec3 {[%clk 0:03:42]} e5
{[%clk 0:05:19]} 40. c6 {[%clk 0:03:54]} Ne7 {[%clk 0:05:22]} 41. c7
{[%clk 0:03:50]} Nc8 {[%clk 0:05:49]} 42. Rd3 {[%clk 0:03:41]} 1-0

[Event "2019"]
[Site "?"]
[Date "2019.06.02"]
[Round "7.1"]
[White "Laznicka, Viktor"]
[Black "Kurayan, Ruslan"]
[Result "1-0"]
[BlackElo "2374"]
[WhiteElo "2660"]
[LiveChessVersion "1.4.8"]

1. d4 {[%clk 1:24:06]} Nf6 {[%clk 1:30:53]} 2. c4 {[%clk 1:24:07]} g6
{[%clk 1:31:15]} 3. Nf3 {[%clk 1:24:30]} Bg7 {[%clk 1:31:39]} 4. g3
{[%clk 1:24:58]} O-O {[%clk 1:32:02]} 5. Bg2 {[%clk 1:25:24]} d6 {[%clk 1:32:26]}
6. O-O {[%clk 1:25:49]} Nc6 {[%clk 1:32:53]} 7. Nc3 {[%clk 1:26:10]} Bf5
{[%clk 1:33:17]} 8. Ne1 {[%clk 1:25:40]} Qc8 {[%clk 1:31:23]} 9. e4
{[%clk 1:25:30]} Bh3 {[%clk 1:29:28]} 10. Nc2 {[%clk 1:25:25]} Bxg2
{[%clk 1:07:27]} 11. Kxg2 {[%clk 1:25:49]} Nd7 {[%clk 1:07:17]} 12. Be3
{[%clk 1:25:47]} e5 {[%clk 0:56:50]} 13. d5 {[%clk 1:21:41]} Ne7 {[%clk 0:54:33]}
14. Qd2 {[%clk 1:19:56]} f5 {[%clk 0:53:35]} 15. f3 {[%clk 1:18:32]} Rf7
{[%clk 0:42:35]} 16. Nb4 {[%clk 1:14:54]} a5 {[%clk 0:36:23]} 17. Nd3
{[%clk 1:15:12]} b6 {[%clk 0:33:35]} 18. Rae1 {[%clk 1:06:08]} Qa6
{[%clk 0:31:15]} 19. b3 {[%clk 0:54:27]} Raf8 {[%clk 0:31:21]} 20. Bg5
{[%clk 0:54:02]} fxe4 {[%clk 0:24:58]} 21. fxe4 {[%clk 0:51:40]} Rxf1
{[%clk 0:24:53]} 22. Rxf1 {[%clk 0:52:07]} Rxf1 {[%clk 0:25:18]} 23. Kxf1
{[%clk 0:52:29]} Bf6 {[%clk 0:25:20]} 24. Be3 {[%clk 0:50:31]} Kf7
{[%clk 0:20:39]} 25. g4 {[%clk 0:45:04]} Qc8 {[%clk 0:18:16]} 26. g5
{[%clk 0:44:45]} Bg7 {[%clk 0:18:34]} 27. Qg2 {[%clk 0:44:30]} Nb8
{[%clk 0:17:52]} 28. Nb5 {[%clk 0:41:37]} Kg8 {[%clk 0:18:14]} 29. Nf2
{[%clk 0:40:52]} Na6 {[%clk 0:17:56]} 30. Ke2 {[%clk 0:38:02]} a4
{[%clk 0:14:38]} 31. Ng4 axb3 {[%clk 0:09:21]} 32. axb3 {[%clk 0:35:32]} c6
{[%clk 0:08:13]} 33. Nxd6 {[%clk 0:24:22]} Qd7 {[%clk 0:07:29]} 34. Nf6+
{[%clk 0:24:36]} Bxf6 {[%clk 0:07:47]} 35. gxf6 {[%clk 0:25:05]} Qxd6
{[%clk 0:07:33]} 36. fxe7 {[%clk 0:24:48]} Qxe7 {[%clk 0:06:25]} 37. Qg4 Nb4
{[%clk 0:03:01]} 38. Bg5 {[%clk 0:21:38]} Qd6 {[%clk 0:01:41]} 39. Qc8+
{[%clk 0:21:36]} Kf7 {[%clk 0:01:15]} 40. Qb7+ {[%clk 0:20:20]} Ke8
{[%clk 0:01:37]} 41. Qxh7 {[%clk 0:19:33]} cxd5 {[%clk 0:01:47]} 42. Qg8+
{[%clk 0:19:22]} Qf8 {[%clk 0:02:05]} 43. Qe6+ {[%clk 0:19:47]} 1-0

[Event "2019"]
[Site "?"]
[Date "2019.06.02"]
[Round "7.4"]
[White "Weishaeutel, Moritz"]
[Black "Plat, Vojtech"]
[Result "0-1"]
[BlackElo "2540"]
[WhiteElo "2252"]
[LiveChessVersion "1.4.8"]

1. e4 {[%clk 1:30:57]} e5 {[%clk 1:21:23]} 2. Nf3 {[%clk 1:31:23]} d6
{[%clk 1:21:48]} 3. d4 {[%clk 1:31:48]} exd4 {[%clk 1:22:14]} 4. Nxd4
{[%clk 1:32:15]} Nf6 {[%clk 1:22:38]} 5. Nc3 {[%clk 1:32:42]} Be7
{[%clk 1:23:03]} 6. Bf4 {[%clk 1:32:50]} O-O {[%clk 1:23:11]} 7. Qd2
{[%clk 1:33:15]} c6 {[%clk 1:23:38]} 8. O-O-O {[%clk 1:33:25]} b5
{[%clk 1:24:03]} 9. f3 {[%clk 1:33:43]} b4 {[%clk 1:24:18]} 10. Na4
{[%clk 1:33:30]} Bd7 {[%clk 1:24:43]} 11. g4 {[%clk 1:33:26]} c5 {[%clk 1:20:19]}
12. Nf5 {[%clk 1:33:25]} Bxa4 {[%clk 1:20:43]} 13. Nxe7+ {[%clk 1:33:50]} Qxe7
{[%clk 1:21:07]} 14. Bxd6 {[%clk 1:34:15]} Qe8 {[%clk 1:18:59]} 15. Bxc5
{[%clk 1:33:58]} Nbd7 {[%clk 1:18:54]} 16. Bxf8 {[%clk 1:26:33]} Qxf8
{[%clk 1:19:21]} 17. b3 {[%clk 1:25:54]} Bc6 {[%clk 1:19:43]} 18. Qd6
{[%clk 1:25:57]} Qxd6 {[%clk 1:13:51]} 19. Rxd6 {[%clk 1:26:25]} Ne5
{[%clk 1:14:14]} 20. Be2 {[%clk 1:10:29]} a5 {[%clk 1:06:22]} 21. Rhd1
{[%clk 1:09:03]} Ne8 {[%clk 1:06:36]} 22. f4 {[%clk 1:04:49]} Nxd6
{[%clk 1:07:00]} 23. Rxd6 {[%clk 1:05:18]} Bxe4 {[%clk 1:00:29]} 24. fxe5
{[%clk 1:05:41]} Kf8 {[%clk 1:00:56]} 25. Bb5 {[%clk 0:57:32]} Rc8
{[%clk 0:59:51]} 26. Bc4 {[%clk 0:57:04]} Rc5 {[%clk 0:55:43]} 27. Rd8+
{[%clk 0:33:48]} Ke7 {[%clk 0:56:05]} 28. Rg8 {[%clk 0:34:14]} Rxe5
{[%clk 0:54:08]} 29. Rxg7 {[%clk 0:34:37]} Bg6 {[%clk 0:54:36]} 30. Rg8
{[%clk 0:34:05]} Re1+ {[%clk 0:55:03]} 31. Kd2 {[%clk 0:21:41]} Rh1
{[%clk 0:55:23]} 32. Ra8 {[%clk 0:21:24]} Rxh2+ {[%clk 0:55:46]} 33. Be2
{[%clk 0:21:35]} h5 {[%clk 0:55:46]} 34. Ke3 {[%clk 0:18:29]} h4 {[%clk 0:56:06]}
35. Rxa5 {[%clk 0:14:15]} h3 {[%clk 0:55:52]} 36. Bd3 {[%clk 0:13:09]} Rxc2
{[%clk 0:50:25]} 37. Bxc2 {[%clk 0:10:11]} h2 {[%clk 0:50:50]} 38. Rh5
{[%clk 0:10:34]} Bxh5 {[%clk 0:51:14]} 39. Be4 {[%clk 0:11:02]} Bxg4
{[%clk 0:51:38]} 40. Kf4 {[%clk 0:11:26]} Bd1 {[%clk 0:51:20]} 41. Kg3
{[%clk 0:08:16]} Bc2 {[%clk 0:51:32]} 42. Bf3 {[%clk 0:04:53]} Bb1
{[%clk 0:51:58]} 43. Kxh2 {[%clk 0:05:20]} Bxa2 {[%clk 0:52:24]} 44. Bd5
{[%clk 0:04:30]} f5 {[%clk 0:52:48]} 45. Kg3 {[%clk 0:04:27]} Kd6
{[%clk 0:53:15]} 46. Bg8 {[%clk 0:04:28]} Ke5 {[%clk 0:53:43]} 47. Kf3
{[%clk 0:04:51]} Bb1 {[%clk 0:54:09]} 48. Ke3 {[%clk 0:04:52]} Be4
{[%clk 0:54:36]} 49. Kd4+ 0-1

[Event "2019"]
[Site "?"]
[Date "2019.06.02"]
[Round "7.9"]
[White "Scholz, Christian"]
[Black "Ammon, Tobias"]
[Result "1-0"]
[BlackElo "2151"]
[WhiteElo "2372"]
[LiveChessVersion "1.4.8"]

1. d4 {[%clk 1:30:59]} d5 {[%clk 1:30:06]} 2. c4 {[%clk 1:31:21]} c6
{[%clk 1:30:33]} 3. Nf3 {[%clk 1:31:41]} Nf6 {[%clk 1:30:49]} 4. e3
{[%clk 1:32:04]} Bg4 {[%clk 1:29:23]} 5. h3 {[%clk 1:32:26]} Bh5 {[%clk 1:29:36]}
6. cxd5 {[%clk 1:20:27]} Bxf3 {[%clk 1:30:00]} 7. Qxf3 {[%clk 1:20:51]} cxd5
{[%clk 1:30:22]} 8. Bd3 {[%clk 1:18:32]} Nc6 {[%clk 1:30:08]} 9. O-O
{[%clk 1:17:03]} e6 {[%clk 1:30:19]} 10. b3 {[%clk 1:06:56]} a6 {[%clk 1:28:56]}
11. Nc3 {[%clk 0:59:39]} Bb4 {[%clk 1:23:41]} 12. Bb2 {[%clk 0:57:08]} O-O
{[%clk 1:23:44]} 13. Rac1 {[%clk 0:55:41]} Qe7 {[%clk 1:14:14]} 14. Na4
{[%clk 0:45:42]} Bd6 {[%clk 1:11:56]} 15. Qe2 {[%clk 0:35:19]} Rac8
{[%clk 1:03:35]} 16. Bb1 {[%clk 0:27:50]} Ne4 {[%clk 0:48:11]} 17. Bxe4
{[%clk 0:26:48]} dxe4 {[%clk 0:48:22]} 18. Nc5 {[%clk 0:24:15]} Nb4
{[%clk 0:41:04]} 19. Nxe4 {[%clk 0:22:50]} Nxa2 {[%clk 0:41:21]} 20. Rxc8
{[%clk 0:23:13]} Rxc8 {[%clk 0:41:45]} 21. d5 {[%clk 0:21:21]} Nb4
{[%clk 0:38:30]} 22. dxe6 {[%clk 0:20:22]} fxe6 {[%clk 0:36:25]} 23. Qg4
{[%clk 0:20:01]} Bb8 {[%clk 0:33:25]} 24. Rd1 {[%clk 0:19:56]} Nc6
{[%clk 0:27:35]} 1-0